[Event "51st National Challengers (National â€˜Bâ€™) Chess Cha"]
[Site "Bhopal, Madhya Pradesh-India"]
[Date "2013.10.17"]
[Round "7"]
[Board "20"]
[White "Krishna Teja, N"]
[Black "Satyapragyan, Swayangsu"]
[Result "1/2-1/2"]
[WhiteElo "2185"]
[BlackElo "2430"]
[PlyCount "63"]
[EventDate "2013.10.12"]
[EventRounds "13"]
[EventCountry "IND"]

1. Nf3 c5 2. c4 Nc6 3. g3 g6 4. Bg2 Bg7 5. Nc3 d6 6. O-O Qd7 7. d3 b6 8. Bd2
Bb7 9. a3 e6 10. Qc1 h6 11. Rb1 Nge7 12. b4 Rc8 13. Nb5 g5 14. Bc3 f6 15. Ba1
e5 16. e4 O-O 17. Ne1 f5 18. f4 gxf4 19. gxf4 a6 20. Nc3 cxb4 21. Nd5 Nxd5 22.
exd5 Nd4 23. Bxd4 exd4 24. Rxb4 b5 25. Qb1 Rc5 26. a4 Rfc8 27. Nc2 R8c7 28.
axb5 axb5 29. Rxb5 Rxb5 30. cxb5 Rc3 31. Rd1 Qe7 32. Re1 1/2-1/2

[Event "51st National Challengers (National â€˜Bâ€™) Chess Cha"]
[Site "Bhopal, Madhya Pradesh-India"]
[Date "2013.10.17"]
[Round "7"]
[Board "21"]
[White "Sangma, Rahul"]
[Black "Shantharam, K.V."]
[Result "1/2-1/2"]
[WhiteElo "2394"]
[BlackElo "2167"]
[PlyCount "57"]
[EventDate "2013.10.12"]
[EventRounds "13"]
[EventCountry "IND"]

1. e4 d5 2. exd5 Qxd5 3. Nc3 Qd6 4. Bc4 Nf6 5. d3 Be6 6. Bxe6 Qxe6+ 7. Nge2 Nc6
8. a3 Nd4 9. Be3 Nxe2 10. Qxe2 Qc6 11. f3 e6 12. Ne4 Nd5 13. Bf2 Nf4 14. Qd2
Bd6 15. Nxd6+ Qxd6 16. Bg3 g5 17. O-O-O O-O-O 18. Rhe1 Rhg8 19. Kb1 b6 20. Re4
e5 21. d4 exd4 22. Bxf4 gxf4 23. Rxd4 Qxd4 24. Qxd4 Rxd4 25. Rxd4 Rxg2 26. h4
Rh2 27. Rxf4 f5 28. Rxf5 Rxh4 29. Rf7 1/2-1/2

[Event "51st National Challengers (National â€˜Bâ€™) Chess Cha"]
[Site "Bhopal, Madhya Pradesh-India"]
[Date "2013.10.17"]
[Round "7"]
[Board "22"]
[White "Chakravarthi Reddy, M"]
[Black "Das, Sayantan"]
[Result "0-1"]
[WhiteElo "2123"]
[BlackElo "2366"]
[PlyCount "68"]
[EventDate "2013.10.12"]
[EventRounds "13"]
[EventCountry "IND"]

1. d4 Nf6 2. Nf3 c5 3. e3 g6 4. Bd3 Bg7 5. O-O O-O 6. dxc5 Qc7 7. a3 a5 8. e4
Na6 9. b4 Ng4 10. c3 d6 11. h3 Ne5 12. cxd6 Nxf3+ 13. Qxf3 exd6 14. Be3 Be6 15.
Re1 Rfc8 16. Qd1 Qd8 17. b5 Nc5 18. Bc2 a4 19. Qe2 Qa5 20. Rd1 Nb3 21. Bxb3
axb3 22. Bd4 Be5 23. Nd2 Bxd4 24. cxd4 b2 25. Rab1 Rc2 26. d5 Bd7 27. e5 dxe5
28. Qd3 Rac8 29. Ne4 Qxb5 30. Qe3 Re2 31. Nf6+ Kg7 32. Qg5 Qb6 33. Nxd7 Qxf2+
34. Kh1 Rc3 0-1

[Event "51st National Challengers (National â€˜Bâ€™) Chess Cha"]
[Site "Bhopal, Madhya Pradesh-India"]
[Date "2013.10.17"]
[Round "7"]
[Board "23"]
[White "Joshi, Govind Ballabh"]
[Black "Krishna, C.R.G."]
[Result "1/2-1/2"]
[WhiteElo "2166"]
[BlackElo "2340"]
[PlyCount "56"]
[EventDate "2013.10.12"]
[EventRounds "13"]
[EventCountry "IND"]

1. c4 d6 2. Nc3 e5 3. g3 g6 4. Bg2 Bg7 5. d3 Ne7 6. e4 O-O 7. Be3 Be6 8. Nf3
Nbc6 9. Nd5 h6 10. Qd2 Kh7 11. h4 Nd4 12. h5 Nxf3+ 13. Bxf3 g5 14. O-O-O c6 15.
Nxe7 Qxe7 16. Kb1 f5 17. exf5 Bxf5 18. Be4 d5 19. cxd5 cxd5 20. Bxd5 Rfd8 21.
Qa5 Qd7 22. Be4 Bxe4 23. dxe4 Qg4 24. Qa4 b5 25. Qb3 Rac8 26. Rxd8 Rxd8 27. Qc2
Rc8 28. Qd3 Rc7 1/2-1/2

[Event "51st National Challengers (National â€˜Bâ€™) Chess Cha"]
[Site "Bhopal, Madhya Pradesh-India"]
[Date "2013.10.17"]
[Round "7"]
[Board "26"]
[White "Murali Krishnan, B.T."]
[Black "Bartakke, Amardeep S."]
[Result "1-0"]
[WhiteElo "2306"]
[BlackElo "2149"]
[PlyCount "64"]
[EventDate "2013.10.12"]
[EventRounds "13"]
[EventCountry "IND"]

1. d4 Nf6 2. c4 e6 3. g3 d5 4. Nf3 b6 5. cxd5 exd5 6. Bg2 Bd6 7. O-O Bb7 8. Nc3
a6 9. Nh4 O-O 10. Nf5 Re8 11. Bg5 Bf8 12. Qc2 g6 13. Nh6+ Kg7 14. f4 Be7 15. f5
Nbd7 16. Rf2 Ne4 17. Nxe4 dxe4 18. Bxe7 Rxe7 19. Ng4 f6 20. fxg6 hxg6 21. Qc1
Qf8 22. Qh6+ Kf7 23. Qf4 Kg7 24. Raf1 f5 25. Qh6+ Kf7 26. Qg5 Qg7 27. Ne3 Kg8
28. g4 fxg4 29. Nxg4 Rf8 30. Rxf8+ Nxf8 31. Nf6+ Kh8 32. Rf4 Rf7 1-0

[Event "51st National Challengers (National â€˜Bâ€™) Chess Cha"]
[Site "Bhopal, Madhya Pradesh-India"]
[Date "2013.10.17"]
[Round "7"]
[Board "27"]
[White "Gokhale, Chandrashekhar"]
[Black "Kiran, Panditrao"]
[Result "1/2-1/2"]
[WhiteElo "2276"]
[BlackElo "2124"]
[PlyCount "39"]
[EventDate "2013.10.12"]
[EventRounds "13"]
[EventCountry "IND"]

1. d4 Nf6 2. Nf3 e6 3. Bf4 c5 4. e3 Qb6 5. Qc1 Nc6 6. c3 d5 7. Be2 Bd7 8. O-O
Rc8 9. h3 Be7 10. Nbd2 O-O 11. Qb1 cxd4 12. exd4 Na5 13. Qc2 Bb5 14. Rae1 Bxe2
15. Rxe2 Nc6 16. Qb1 Qa6 17. Rfe1 b5 18. a3 Qb7 19. b4 a5 20. Nb3 1/2-1/2

[Event "51st National Challengers (National â€˜Bâ€™) Chess Cha"]
[Site "Bhopal, Madhya Pradesh-India"]
[Date "2013.10.17"]
[Round "7"]
[Board "28"]
[White "Prasenjit, Datta"]
[Black "Negi, Virender Singh"]
[Result "1/2-1/2"]
[WhiteElo "2253"]
[BlackElo "2094"]
[PlyCount "56"]
[EventDate "2013.10.12"]
[EventRounds "13"]
[EventCountry "IND"]

1. e4 c5 2. Ne2 e5 3. Nbc3 Nc6 4. Nd5 Nce7 5. d3 Nxd5 6. exd5 d6 7. f4 g6 8.
fxe5 dxe5 9. c4 Bg7 10. Be3 b6 11. g3 Ne7 12. Bg2 Nf5 13. Bd2 O-O 14. O-O Nd6
15. Nc3 f5 16. Rb1 Bd7 17. b4 e4 18. dxe4 Nxc4 19. Qe2 Nxd2 20. Qxd2 cxb4 21.
Rxb4 Qc7 22. Ne2 Qc5+ 23. Kh1 fxe4 24. Rxe4 Rxf1+ 25. Bxf1 Bf5 26. Re3 Qb5 27.
Kg1 Qc5 28. Kh1 Qb5 1/2-1/2

[Event "51st National Challengers (National â€˜Bâ€™) Chess Cha"]
[Site "Bhopal, Madhya Pradesh-India"]
[Date "2013.10.17"]
[Round "7"]
[Board "29"]
[White "Pranav, Vijay"]
[Black "Basu, Suman"]
[Result "1-0"]
[WhiteElo "2239"]
[BlackElo "2067"]
[PlyCount "65"]
[EventDate "2013.10.12"]
[EventRounds "13"]
[EventCountry "IND"]

1. d4 Nf6 2. c4 e6 3. g3 d5 4. Nf3 Bb4+ 5. Bd2 Be7 6. Bg2 O-O 7. O-O c6 8. Qc2
b6 9. Rd1 Nbd7 10. b3 Bb7 11. Nc3 Ba6 12. Bf4 Rc8 13. e4 Nh5 14. Be3 f5 15.
exf5 exf5 16. Ne2 dxc4 17. bxc4 g5 18. Qc1 h6 19. Ne5 Nxe5 20. dxe5 Qe8 21. f4
Qf7 22. Rd7 Rfd8 23. Rxa7 gxf4 24. gxf4 Qxc4 25. Qxc4+ Bxc4 26. Bf3 Rd3 27.
Rxe7 Rxe3 28. Bxh5 Rxe2 29. Bxe2 Bxe2 30. Kf2 Bc4 31. Rg1+ Kh8 32. Rg6 Bxa2 33.
Rxh6+ 1-0

[Event "51st National Challengers (National â€˜Bâ€™) Chess Cha"]
[Site "Bhopal, Madhya Pradesh-India"]
[Date "2013.10.17"]
[Round "7"]
[Board "30"]
[White "Darpan, Inani"]
[Black "Roy, Prantik"]
[Result "1/2-1/2"]
[WhiteElo "2022"]
[BlackElo "2238"]
[PlyCount "117"]
[EventDate "2013.10.12"]
[EventRounds "13"]
[EventCountry "IND"]

1. e4 c6 2. d4 d5 3. e5 Bf5 4. h4 h5 5. Bg5 Qb6 6. Bd3 Bxd3 7. Qxd3 e6 8. Nd2
c5 9. c4 Qxb2 10. Rb1 Qxd4 11. Qxd4 cxd4 12. cxd5 b6 13. dxe6 fxe6 14. Ngf3 Nc6
15. Ke2 Bc5 16. Rhc1 Nge7 17. Ne4 Nd5 18. Bd2 d3+ 19. Kxd3 Ncb4+ 20. Ke2 Na6
21. Rc4 O-O 22. Rbc1 Ba3 23. Rb1 Rfc8 24. Ra4 Nc5 25. Nxc5 Bxc5 26. Ng5 Rf8 27.
f4 Rfe8 28. Rc4 Kf8 29. g3 Rac8 30. Rbc1 Rc6 31. a4 Ke7 32. Ne4 Rec8 33. Be1
Kd7 34. Bd2 Be7 35. Kd3 Rxc4 36. Rxc4 Rxc4 37. Kxc4 Kc6 38. Be1 a6 39. Bd2 Bc5
40. Nxc5 bxc5 41. a5 Ne7 42. Be1 Nf5 43. Bf2 g6 44. Be1 Ne3+ 45. Kd3 Nd1 46.
Kc2 Ne3+ 47. Kd3 Ng4 48. Kc4 Nh2 49. Bf2 Nf1 50. Be1 Ne3+ 51. Kd3 Nf5 52. Kc4
Nd4 53. Bf2 Nf3 54. Be3 Nh2 55. Bf2 Nf1 56. Be1 Ne3+ 57. Kd3 Nd5 58. Kc4 Ne7
59. Bf2 1/2-1/2

[Event "51st National Challengers (National â€˜Bâ€™) Chess Cha"]
[Site "Bhopal, Madhya Pradesh-India"]
[Date "2013.10.18"]
[Round "8"]
[Board "1"]
[White "Thejkumar, M. S."]
[Black "Ashwin, Jayaram"]
[Result "1-0"]
[WhiteElo "2421"]
[BlackElo "2461"]
[PlyCount "81"]
[EventDate "2013.10.12"]
[EventRounds "13"]
[EventCountry "IND"]

1. d4 Nf6 2. c4 g6 3. Nc3 d5 4. Nf3 Bg7 5. Qb3 dxc4 6. Qxc4 O-O 7. e4 Nc6 8.
Be2 e5 9. dxe5 Ng4 10. Nd5 Ngxe5 11. Nxe5 Bxe5 12. h4 Be6 13. Bg5 Qd6 14. Rd1
Rfe8 15. h5 Bxd5 16. Rxd5 Qe6 17. hxg6 hxg6 18. f4 Bg7 19. e5 Ne7 20. Rd2 Nf5
21. Qxe6 Rxe6 22. Kf2 Bf8 23. g4 Ng7 24. Bc4 Rc6 25. Bb3 Ne6 26. Bf6 Bg7 27.
Bxe6 Bxf6 28. Bd5 Rd8 29. exf6 Rcd6 30. Rhd1 Kf8 31. Ke3 Re8+ 32. Kf3 c6 33.
Bb3 Rxf6 34. Rd8 g5 35. f5 Rh6 36. R1d7 Rxd8 37. Rxd8+ Ke7 38. Rb8 Rh3+ 39. Kg2
Rh4 40. Rxb7+ Kd6 41. Kg3 1-0

[Event "51st National Challengers (National â€˜Bâ€™) Chess Cha"]
[Site "Bhopal, Madhya Pradesh-India"]
[Date "2013.10.18"]
[Round "8"]
[Board "2"]
[White "Akshat, Khamparia"]
[Black "Rathnakaran, K."]
[Result "1-0"]
[WhiteElo "2384"]
[BlackElo "2428"]
[PlyCount "137"]
[EventDate "2013.10.12"]
[EventRounds "13"]
[EventCountry "IND"]

1. d4 Nf6 2. c4 c5 3. d5 e6 4. Nc3 exd5 5. cxd5 d6 6. Nf3 g6 7. Bf4 a6 8. a4
Bg7 9. h3 O-O 10. e3 Ne8 11. Be2 Nd7 12. O-O Rb8 13. Nd2 f5 14. Bh2 Ne5 15. Qc2
Qe7 16. f4 Nf7 17. Rae1 Qxe3+ 18. Kh1 Qd4 19. Nc4 b5 20. axb5 axb5 21. Na5 Bd7
22. Bg1 Qf6 23. Nc6 Bxc6 24. dxc6 Nc7 25. Bf3 Rfc8 26. Nd5 Nxd5 27. Bxd5 Kf8
28. b4 c4 29. Qe2 Rc7 30. Bb6 Qd8 31. Bxc7 Qxc7 32. Qe6 Bc3 33. Re2 Ra8 34. Qd7
Qxd7 35. cxd7 Rd8 36. Bc6 Bxb4 37. Rb1 Bc5 38. Rxb5 c3 39. Ra5 Kg7 40. g3 Rb8
41. Rb5 Rxb5 42. Bxb5 d5 43. Bd3 Bb6 44. Kg2 Kf6 45. Re8 Nd8 46. Kf1 Bc7 47.
Ke2 h5 48. h4 Ne6 49. Bb1 d4 50. Kd1 Nd8 51. Kc2 Bb6 52. Kb3 Nb7 53. Kc4 Nd8
54. Kb5 Bc7 55. Kc5 Ba5 56. Kxd4 Nc6+ 57. Kc5 Nd8 58. Kb5 Bc7 59. Kb4 Bb6 60.
Kxc3 Bc7 61. Ba2 Bb6 62. Kc4 Ba5 63. Kd5 Bc7 64. Kc5 Kg7 65. Bd5 Kf6 66. Kb5
Kg7 67. Re3 Kf6 68. Re2 Kg7 69. Rc2 1-0

[Event "51st National Challengers (National â€˜Bâ€™) Chess Cha"]
[Site "Bhopal, Madhya Pradesh-India"]
[Date "2013.10.18"]
[Round "8"]
[Board "3"]
[White "Lalith, Babu M.R."]
[Black "Vishnu, Prasanna. V"]
[Result "1-0"]
[WhiteElo "2583"]
[BlackElo "2496"]
[PlyCount "55"]
[EventDate "2013.10.12"]
[EventRounds "13"]
[EventCountry "IND"]

1. d4 Nf6 2. c4 e6 3. Nf3 d5 4. Nc3 Bb4 5. Qa4+ Nc6 6. Bd2 O-O 7. e3 a6 8. a3
Bd6 9. c5 Be7 10. Bd3 Re8 11. b4 Rb8 12. O-O Bf8 13. Ne2 e5 14. dxe5 Nxe5 15.
Nxe5 Rxe5 16. Bc3 Rh5 17. Ng3 Rh6 18. Rad1 Ng4 19. h3 Qg5 20. f4 Qh4 21. Be1
Qe7 22. hxg4 Bxg4 23. Nf5 Bxf5 24. Bxf5 Qxe3+ 25. Bf2 Qxf4 26. Bh3 Qg5 27. Qb3
c6 28. Bg3 1-0

[Event "51st National Challengers (National â€˜Bâ€™) Chess Cha"]
[Site "Bhopal, Madhya Pradesh-India"]
[Date "2013.10.18"]
[Round "8"]
[Board "4"]
[White "Gagare, Shardul"]
[Black "Adhiban, B."]
[Result "1/2-1/2"]
[WhiteElo "2443"]
[BlackElo "2587"]
[PlyCount "50"]
[EventDate "2013.10.12"]
[EventRounds "13"]
[EventCountry "IND"]

1. c4 b6 2. Nc3 Bb7 3. e4 e6 4. Nge2 Nf6 5. d3 d5 6. cxd5 exd5 7. e5 Nfd7 8. d4
c5 9. f4 Nc6 10. Be3 cxd4 11. Nxd4 Bc5 12. Bb5 Nxd4 13. Bxd4 O-O 14. O-O Rc8
15. Rf2 Qe7 16. Qa4 f6 17. Bxd7 Bxd4 18. Qxd4 Qxd7 19. exf6 Rc4 20. Qd3 Rxf6
21. Rd1 Rd6 22. b3 Rc7 23. Qd4 Qe8 24. Re2 Re7 25. Rde1 Rde6 1/2-1/2

[Event "51st National Challengers (National â€˜Bâ€™) Chess Cha"]
[Site "Bhopal, Madhya Pradesh-India"]
[Date "2013.10.18"]
[Round "8"]
[Board "5"]
[White "Praveen Kumar, C."]
[Black "Sethuraman, S.P."]
[Result "0-1"]
[WhiteElo "2286"]
[BlackElo "2566"]
[PlyCount "56"]
[EventDate "2013.10.12"]
[EventRounds "13"]
[EventCountry "IND"]

1. d4 d6 2. Nf3 g6 3. c4 Bg7 4. Nc3 Nf6 5. e4 O-O 6. Be2 Nbd7 7. O-O e5 8. Re1
h6 9. Bf1 Re8 10. Rb1 c6 11. d5 Nf8 12. b4 cxd5 13. cxd5 Bd7 14. b5 Bg4 15. Ba3
Rc8 16. Rb3 Qe7 17. b6 a6 18. h3 Bxf3 19. Qxf3 N8d7 20. Na4 Nc5 21. Nxc5 dxc5
22. Rc1 Nd7 23. d6 Qxd6 24. Rd1 Qc6 25. Rbd3 Nf6 26. Rd6 Qa4 27. Rc1 c4 28. Kh2
c3 0-1

[Event "51st National Challengers (National â€˜Bâ€™) Chess Cha"]
[Site "Bhopal, Madhya Pradesh-India"]
[Date "2013.10.18"]
[Round "8"]
[Board "6"]
[White "Debashis, Das"]
[Black "Deshpande, Aniruddha"]
[Result "1-0"]
[WhiteElo "2497"]
[BlackElo "2270"]
[PlyCount "147"]
[EventDate "2013.10.12"]
[EventRounds "13"]
[EventCountry "IND"]

1. d4 d5 2. c4 e6 3. Nc3 Nf6 4. cxd5 exd5 5. Bg5 Be7 6. e3 c6 7. Bd3 Bg4 8.
Nge2 Bh5 9. O-O Bg6 10. f3 O-O 11. Bxg6 hxg6 12. Qc2 Nbd7 13. Rad1 Bd6 14. h3
Qa5 15. Bh4 Rae8 16. e4 c5 17. e5 cxd4 18. exf6 dxc3 19. fxg7 Kxg7 20. Qxc3+
Qxc3 21. Nxc3 Nb6 22. Nxd5 Nxd5 23. Rxd5 Be7 24. Bf2 Bf6 25. Bxa7 Ra8 26. Bc5
Rfb8 27. Bd4 Bxd4+ 28. Rxd4 Rxa2 29. Rb4 b5 30. Re1 Ra4 31. Ree4 f5 32. Red4
Kf6 33. Kf2 Ke5 34. Ke3 Rb6 35. h4 Ra7 36. g4 Ra1 37. g5 Re1+ 38. Kd2 Rf1 39.
Ke2 Rc1 40. Kd2 Rf1 41. Rd3 Rf2+ 42. Ke3 Rh2 43. Rbd4 Rb7 44. Rd2 Rxd2 45. Rxd2
f4+ 46. Kd3 Rb8 47. Re2+ Kf5 48. Kd4 Rd8+ 49. Kc5 Rd3 50. Rf2 Rb3 51. Kd6 Rd3+
52. Ke7 b4 53. Kf7 Rd7+ 54. Kg8 b3 55. Rg2 Rd3 56. Rf2 Rd7 57. Kh8 Rd1 58. Kg7
Rd7+ 59. Kh6 Rd8 60. Rh2 Rd6 61. Rh1 Rd8 62. Ra1 Rh8+ 63. Kg7 Rxh4 64. Ra5+ Ke6
65. Rb5 Rh3 66. Rxb3 Kf5 67. Rb5+ Ke6 68. Kxg6 Rxf3 69. Rf5 Rf1 70. b4 Ke7 71.
b5 f3 72. b6 Rb1 73. Rxf3 Rxb6+ 74. Kg7 1-0

[Event "51st National Challengers (National â€˜Bâ€™) Chess Cha"]
[Site "Bhopal, Madhya Pradesh-India"]
[Date "2013.10.18"]
[Round "8"]
[Board "7"]
[White "Kulkarni, Vikramaditya"]
[Black "Sengupta, Deep"]
[Result "1-0"]
[WhiteElo "2335"]
[BlackElo "2589"]
[PlyCount "41"]
[EventDate "2013.10.12"]
[EventRounds "13"]
[EventCountry "IND"]

1. e4 e6 2. d3 d5 3. Nd2 c5 4. Ngf3 Nc6 5. g3 Bd6 6. Bg2 Nge7 7. O-O O-O 8. Nh4
Bd7 9. f4 f5 10. c3 Rc8 11. Nb3 Na5 12. Be3 Ba4 13. Qe2 Nxb3 14. axb3 Bxb3 15.
exf5 exf5 16. Rxa7 Qb6 17. Rfa1 Nc6 18. c4 Nxa7 19. Bxd5+ Kh8 20. Ng6+ hxg6 21.
Qg2 1-0

[Event "51st National Challengers (National â€˜Bâ€™) Chess Cha"]
[Site "Bhopal, Madhya Pradesh-India"]
[Date "2013.10.18"]
[Round "8"]
[Board "8"]
[White "Kunte, Abhijit"]
[Black "Girinath, P.D.S."]
[Result "1-0"]
[WhiteElo "2487"]
[BlackElo "2333"]
[PlyCount "189"]
[EventDate "2013.10.12"]
[EventRounds "13"]
[EventCountry "IND"]

1. d4 f5 2. c4 Nf6 3. Nc3 e6 4. Nf3 Be7 5. Qc2 O-O 6. h3 d5 7. Bf4 Nc6 8. e3
Bd6 9. Bg5 Kh8 10. c5 Be7 11. Bb5 Bd7 12. Bxc6 Bxc6 13. Ne5 Be8 14. Ne2 Nd7 15.
Bxe7 Qxe7 16. a3 g5 17. h4 g4 18. Nf4 Nxe5 19. dxe5 Bb5 20. a4 Ba6 21. Qc3 c6
22. a5 Qf7 23. Kd2 Rg8 24. Qd4 Bb5 25. Ra3 Rg7 26. Rb3 Re8 27. Ra1 Rgg8 28. g3
Rd8 29. Rxb5 cxb5 30. a6 Rd7 31. axb7 Rxb7 32. Ra6 Re8 33. b4 Rbe7 34. Kd3 Ra8
35. Qa1 Qe8 36. Kd4 Qc8 37. Qa5 Kg8 38. Nd3 Rb8 39. Rxa7 Rxa7 40. Qxa7 Ra8 41.
Qb6 Qa6 42. Qxa6 Rxa6 43. Kc3 Kf7 44. Nc1 Ke7 45. Kb3 Ra1 46. Kb2 Ra4 47. Na2
Kd7 48. Kb3 d4 49. exd4 Kc6 50. h5 Ra8 51. Nc3 f4 52. d5+ exd5 53. Ne2 fxg3 54.
Nd4+ Kd7 55. fxg3 Rf8 56. c6+ Ke7 57. e6 Kd6 58. Kc3 Rf1 59. c7 Kxc7 60. Nxb5+
Kd8 61. Kd4 Ke7 62. Kxd5 Rf5+ 63. Kc6 Rf3 64. Nd4 Kf6 65. Nxf3 gxf3 66. Kd6 f2
67. e7 f1=Q 68. e8=Q Qd3+ 69. Kc5 Qc3+ 70. Kb5 Qd3+ 71. Ka5 Qa3+ 72. Qa4 Qxg3
73. Qc6+ Kg5 74. Qc5+ Kh4 75. b5 Qb8 76. b6 Qa8+ 77. Kb4 Qb7 78. Qc7 Qg2 79.
Qe7+ Kh3 80. Qd7+ Kh4 81. b7 Qb2+ 82. Ka5 Qa3+ 83. Kb6 Qe3+ 84. Kc7 Qc5+ 85.
Qc6 Qe7+ 86. Kb6 Qb4+ 87. Qb5 Qd6+ 88. Ka5 Qc7+ 89. Kb4 Qb8 90. Qc6 Kxh5 91.
Kb5 Kh4 92. Qe4+ Kg3 93. Kc6 h5 94. Qg6+ Kf4 95. Qd6+ 1-0

[Event "51st National Challengers (National â€˜Bâ€™) Chess Cha"]
[Site "Bhopal, Madhya Pradesh-India"]
[Date "2013.10.18"]
[Round "8"]
[Board "9"]
[White "Murali Krishnan, B.T."]
[Black "Deepan, Chakkravarthy J."]
[Result "1/2-1/2"]
[WhiteElo "2306"]
[BlackElo "2476"]
[PlyCount "82"]
[EventDate "2013.10.12"]
[EventRounds "13"]
[EventCountry "IND"]

1. d4 g6 2. c4 Bg7 3. e4 d6 4. Nc3 Nf6 5. f3 O-O 6. Nge2 c5 7. d5 e6 8. Ng3
exd5 9. exd5 a6 10. a4 Ne8 11. Bd3 Nd7 12. f4 f5 13. O-O Ndf6 14. Nh1 Ng4 15.
Ne2 b6 16. h3 Ngf6 17. Nf2 Nc7 18. Rb1 Rb8 19. b3 b5 20. Bd2 Re8 21. Qc2 Ne4
22. Be1 Bd7 23. a5 Qe7 24. Qd1 Rb7 25. Nxe4 fxe4 26. Bc2 e3 27. Bd3 Reb8 28.
Bc3 bxc4 29. bxc4 Rxb1 30. Bxb1 Ne8 31. Bd3 Bxc3 32. Nxc3 Rb2 33. Re1 Rf2 34.
Ne4 Rxf4 35. Rxe3 Nf6 36. Qe1 Nxe4 37. Rxe4 Rxe4 38. Qxe4 Qxe4 39. Bxe4 Kg7 40.
Kf2 Kf6 41. h4 Bf5 1/2-1/2

[Event "51st National Challengers (National â€˜Bâ€™) Chess Cha"]
[Site "Bhopal, Madhya Pradesh-India"]
[Date "2013.10.18"]
[Round "8"]
[Board "10"]
[White "Neelotpal, Das"]
[Black "Abhishek, Kelkar"]
[Result "1-0"]
[WhiteElo "2455"]
[BlackElo "2291"]
[PlyCount "60"]
[EventDate "2013.10.12"]
[EventRounds "13"]
[EventCountry "IND"]

1. c4 Nf6 2. Nc3 g6 3. g3 Bg7 4. Bg2 O-O 5. Nf3 d5 6. cxd5 Nxd5 7. O-O Nc6 8.
d4 Nb6 9. e3 Re8 10. h3 e5 11. d5 Na5 12. Nd2 Nac4 13. Qe2 Nd6 14. a4 a5 15. e4
c6 16. dxc6 bxc6 17. Rd1 Be6 18. b3 Qc7 19. Ba3 Red8 20. Rdc1 Qb7 21. Qe3 f6
22. Rab1 Nf7 23. Rd1 Bh6 24. Qe2 Rd7 25. Nf3 Rad8 26. Rxd7 Rxd7 27. Bc5 Ng5 28.
b4 Bc4 29. Qb2 Nxf3+ 30. Bxf3 Rd2 1-0

[Event "51st National Challengers (National â€˜Bâ€™) Chess Cha"]
[Site "Bhopal, Madhya Pradesh-India"]
[Date "2013.10.18"]
[Round "8"]
[Board "11"]
[White "Ravi, Teja S."]
[Black "Karthikeyan, Murali"]
[Result "1-0"]
[WhiteElo "2285"]
[BlackElo "2444"]
[PlyCount "99"]
[EventDate "2013.10.12"]
[EventRounds "13"]
[EventCountry "IND"]

1. d4 d5 2. c4 e6 3. Nf3 Nf6 4. Nc3 Be7 5. Bg5 Nbd7 6. cxd5 exd5 7. e3 O-O 8.
Qc2 c6 9. Bd3 Re8 10. O-O Nf8 11. Ne5 Ng4 12. Bxe7 Qxe7 13. Nf3 Ng6 14. Rfe1
Be6 15. h3 Nh6 16. Ne5 Rac8 17. f4 f5 18. Na4 Nxe5 19. fxe5 c5 20. Qf2 b6 21.
Nc3 c4 22. Be2 a6 23. Bf3 Rcd8 24. a4 Kh8 25. h4 Rg8 26. Ne2 g5 27. hxg5 Nf7
28. g6 hxg6 29. Nf4 g5 30. Nh5 Rg6 31. g4 Rf8 32. gxf5 Bxf5 33. Bxd5 Be6 34.
Nf6 Rh6 35. Bg2 Kg7 36. Rf1 Rfh8 37. Ne4 Rh4 38. Qf6+ Qxf6 39. Rxf6 Bd5 40. Ng3
Bxg2 41. Nf5+ Kg8 42. Nxh4 Be4 43. Ng2 g4 44. Raf1 Rh7 45. R1f4 Bf3 46. e6 Ng5
47. Rg6+ Rg7 48. e7 Rxg6 49. e8=Q+ Kg7 50. Qe7+ 1-0

[Event "51st National Challengers (National â€˜Bâ€™) Chess Cha"]
[Site "Bhopal, Madhya Pradesh-India"]
[Date "2013.10.18"]
[Round "8"]
[Board "12"]
[White "Tiwari, Arjun"]
[Black "Swayams, Mishra"]
[Result "0-1"]
[WhiteElo "2273"]
[BlackElo "2434"]
[PlyCount "78"]
[EventDate "2013.10.12"]
[EventRounds "13"]
[EventCountry "IND"]

1. e4 e5 2. Nc3 Bc5 3. Nf3 Nc6 4. Nxe5 Nxe5 5. d4 Bd6 6. dxe5 Bxe5 7. f4 Bxc3+
8. bxc3 d6 9. Bd3 Qh4+ 10. g3 Qf6 11. Rb1 Qxc3+ 12. Bd2 Qf6 13. O-O Ne7 14. Rb3
O-O 15. Bc3 Qh6 16. f5 Nc6 17. h4 Qe3+ 18. Kg2 Ne5 19. Rf4 a5 20. a4 Bd7 21.
Be2 Qa7 22. Bd4 b6 23. Ra3 Rae8 24. f6 Qa8 25. h5 gxf6 26. Re3 f5 27. Qh1 Qd8
28. Kf1 fxe4 29. Rfxe4 Bc6 30. Qh3 Bxe4 31. Rxe4 f5 32. Rf4 d5 33. Ke1 Qe7 34.
Kd1 Nf3 35. Qg2 Nxd4 36. Rxd4 c6 37. h6 Qe3 38. Rh4 Rf6 39. g4 f4 0-1

[Event "51st National Challengers (National â€˜Bâ€™) Chess Cha"]
[Site "Bhopal, Madhya Pradesh-India"]
[Date "2013.10.18"]
[Round "8"]
[Board "13"]
[White "Laxman, R.R."]
[Black "Pranav, Vijay"]
[Result "1-0"]
[WhiteElo "2424"]
[BlackElo "2239"]
[PlyCount "109"]
[EventDate "2013.10.12"]
[EventRounds "13"]
[EventCountry "IND"]

1. d4 Nf6 2. c4 g6 3. Nc3 d5 4. cxd5 Nxd5 5. e4 Nxc3 6. bxc3 Bg7 7. Qa4+ Nd7 8.
Nf3 O-O 9. Bg5 c5 10. Rc1 h6 11. Be3 Nb6 12. Qb3 cxd4 13. cxd4 Bg4 14. Be2 Qd6
15. O-O Rac8 16. a4 Bxf3 17. Bxf3 Bxd4 18. Bxh6 Rxc1 19. Rxc1 Rc8 20. Rxc8+
Nxc8 21. Qxb7 Qc5 22. g3 Bxf2+ 23. Kg2 Bg1 24. Kh1 Kh7 25. Qb2 Bd4 26. Qc1 Nb6
27. Bd1 Qb4 28. Bd2 Qc4 29. Qxc4 Nxc4 30. Bb4 Nd6 31. Kg2 Kg7 32. Kf3 Kf6 33.
Bb3 Nb7 34. a5 Nc5 35. e5+ Kxe5 36. Bxf7 Kf6 37. Bc4 e5 38. Bd5 Nd3 39. Bd2 Nc5
40. h4 Na4 41. Bg5+ Kg7 42. Bd8 Bc3 43. g4 Nc5 44. Be7 Nd3 45. a6 Bd4 46. g5
Nc5 47. Bc4 e4+ 48. Kf4 e3 49. Bd6 Na4 50. Ke4 e2 51. Bxe2 Bf2 52. Be5+ Kf7 53.
Bd4 Bxh4 54. Bd1 Bxg5 55. Bxa4 1-0

[Event "51st National Challengers (National â€˜Bâ€™) Chess Cha"]
[Site "Bhopal, Madhya Pradesh-India"]
[Date "2013.10.18"]
[Round "8"]
[Board "14"]
[White "Shyam, Nikil P."]
[Black "Patil, Pratik"]
[Result "1/2-1/2"]
[WhiteElo "2412"]
[BlackElo "2237"]
[PlyCount "81"]
[EventDate "2013.10.12"]
[EventRounds "13"]
[EventCountry "IND"]

1. e4 c5 2. Nf3 e6 3. b3 Nc6 4. Bb2 d6 5. d4 cxd4 6. Nxd4 Nf6 7. Nxc6 bxc6 8.
e5 dxe5 9. Qxd8+ Kxd8 10. Bxe5 Bc5 11. Be2 Ke7 12. Bf3 Bb7 13. Nc3 Rad8 14. Na4
Bd4 15. Bxd4 Rxd4 16. Nc5 Ba8 17. c3 Rdd8 18. Rd1 Nd7 19. Nd3 c5 20. Bxa8 Rxa8
21. c4 a5 22. Kd2 a4 23. Kc3 axb3 24. axb3 Ra2 25. Rhe1 Rha8 26. h4 h5 27. Nb2
g6 28. Rd2 Rb8 29. Rd3 Rb7 30. g3 Nb8 31. Na4 Na6 32. Re5 Ra3 33. Kd2 Rbxb3 34.
Rxb3 Rxb3 35. Nxc5 Rb2+ 36. Ke1 Nxc5 37. Rxc5 Kd6 38. Rc8 Rc2 39. Rf8 Ke7 40.
Rc8 Kd7 41. Rf8 1/2-1/2